[Event "Rottach Egern Seniors Cup 13th"]
[Site "Rottach Egern"]
[Date "2025.04.02"]
[Round "5"]
[White "Langner, Hans Rainer"]
[Black "Semisch, Helga"]
[Result "1-0"]
[WhiteElo "1741"]
[BlackElo "1487"]
[PlyCount "71"]
[EventDate "2025.03.29"]
[EventType "swiss"]
[EventRounds "9"]
[EventCountry "GER"]
[SourceTitle "CB16_2025"]
[SourceDate "2025.04.16"]
[SourceVersion "1"]
[SourceVersionDate "2025.04.16"]
[SourceQuality "1"]

1. d4 c6 2. e3 d5 3. Bd3 e6 4. Bd2 Bd6 5. Nf3 f5 6. c4 Nf6 7. cxd5 cxd5 8. Qa4+ Bd7 9. Qb3 b6 10. Bb4 Bc7 11. a4 a6 12. Qc2 Ng4 13. h3 Nh6 14. Nbd2 Nc6 15. Bc3 0-0 16. g4 Kh8 17. g5 Nf7 18. h4 e5 19. dxe5 Nfxe5 20. Nxe5 Nxe5 21. Be2 Bc6 22. Bxe5 d4 23. Bxg7+ Kxg7 24. Qxc6 dxe3 25. Qc3+ Kg8 26. Bc4+ Rf7 27. Bxf7+ Kxf7 28. fxe3 Bg3+ 29. Ke2 f4 30. Rhf1 Rc8 31. Qb3+ Kg7 32. Rac1 Rb8 33. Qc3+ Kg6 34. Qc6+ Kh5 35. Kf3 Bxh4 36. Qh6# 1-0

[Event "Rottach Egern Seniors Cup 13th"]
[Site "Rottach Egern"]
[Date "2025.03.31"]
[Round "3"]
[White "Langner, Hans Rainer"]
[Black "Lehmann, Manfred"]
[Result "0-1"]
[WhiteElo "1741"]
[BlackElo "1847"]
[PlyCount "126"]
[EventDate "2025.03.29"]
[EventType "swiss"]
[EventRounds "9"]
[EventCountry "GER"]
[SourceTitle "CB16_2025"]
[SourceDate "2025.04.16"]
[SourceVersion "1"]
[SourceVersionDate "2025.04.16"]
[SourceQuality "1"]

1. d4 d5 2. e3 Nf6 3. Bd3 g6 4. Nf3 Bg4 5. Nbd2 Bg7 6. c4 c6 7. Qb3 Qb6 8. Ne5 Qxb3 9. Nxb3 Nbd7 10. Nxd7 Nxd7 11. cxd5 cxd5 12. Bd2 0-0 13. Rc1 Rfc8 14. 0-0 e5 15. f3 Be6 16. Bb5 a6 17. Bxd7 Bxd7 18. Nc5 Bb5 19. Rfe1 exd4 20. Nxb7 dxe3 21. Rxc8+ Rxc8 22. Bxe3 Bxb2 23. Nd6 Rd8 24. Nxb5 axb5 25. Rb1 d4 26. Bh6 Bc3 27. Rxb5 f5 28. Rc5 Ra8 29. Rc7 Rxa2 30. Rg7+ Kh8 31. Rd7 Ra1+ 32. Kf2 Kg8 33. Rg7+ Kf8 34. Ra7+ Ke8 35. Rxa1 Bxa1 36. Ke2 Kd7 37. h3 Ke6 38. Kd3 Kf6 39. Bf4 g5 40. Bc7 h6 41. g4 fxg4 42. hxg4 Kg6 43. Be5 h5 44. gxh5+ Kxh5 45. f4 g4 46. f5 Kg5 47. f6 Kg6 48. f7 Kxf7 49. Ke4 d3 50. Bf4 Kf6 51. Kxd3 Kf5 52. Be3 g3 53. Ke2 Kg4 54. Kf1 Kf3 55. Ba7 Bc3 56. Bb6 Bd2 57. Ba7 Bf4 58. Bb6 Be3 59. Bxe3 Kxe3 60. Kg2 Kf4 61. Kf1 Kg5 62. Kg1 Kh4 63. Kg2 Kg4 0-1

[Event "Berlin-ch Seniors op 37th"]
[Site "Berlin"]
[Date "2021.06.15"]
[Round "8"]
[White "Langner, Hans Rainer"]
[Black "Becker, Werner"]
[Result "0-1"]
[WhiteElo "1611"]
[BlackElo "1772"]
[PlyCount "56"]
[EventDate "2021.06.08"]
[EventType "swiss"]
[EventRounds "9"]
[EventCountry "GER"]
[SourceTitle "EXT 2022"]
[Source "ChessBase"]
[SourceDate "2021.10.06"]
[SourceVersion "1"]
[SourceVersionDate "2021.10.06"]
[SourceQuality "1"]

1. d4 d5 2. Bf4 Nf6 3. e3 Bf5 4. h3 e6 5. Nf3 Nbd7 6. c4 Bxb1 7. Qxb1 Bb4+ 8. Ke2 dxc4 9. a3 Bd6 10. Ne5 Nd5 11. Bg3 N7b6 12. f4 f6 13. Nf3 c3 14. b3 Qe7 15. e4 Nxf4+ 16. Bxf4 Bxf4 17. Qd3 c5 18. Qb5+ Nd7 19. Kd3 0-0 20. Kxc3 cxd4+ 21. Kb2 Qc5 22. Qd3 Rac8 23. Nxd4 Ne5 24. Qd1 Rfd8 25. Bc4 Nxc4+ 26. bxc4 Rxd4 27. Qf3 Rd2+ 28. Kb1 Qb6+ 0-1

[Event "Berlin-ch Seniors op 37th"]
[Site "Berlin"]
[Date "2021.06.12"]
[Round "5"]
[White "Wahner, Eberhard"]
[Black "Langner, Hans Rainer"]
[Result "1-0"]
[WhiteElo "1584"]
[BlackElo "1611"]
[PlyCount "81"]
[EventDate "2021.06.08"]
[EventType "swiss"]
[EventRounds "9"]
[EventCountry "GER"]
[SourceTitle "EXT 2022"]
[Source "ChessBase"]
[SourceDate "2021.10.06"]
[SourceVersion "1"]
[SourceVersionDate "2021.10.06"]
[SourceQuality "1"]

1. c4 Nf6 2. Nc3 Nc6 3. g3 d5 4. cxd5 Nxd5 5. Bg2 Nxc3 6. bxc3 Bd7 7. d4 Rb8 8. Nf3 g6 9. 0-0 Bg7 10. e4 0-0 11. Re1 e5 12. d5 Ne7 13. Ba3 Re8 14. Rc1 Kh8 15. Ng5 Kg8 16. Qb3 h6 17. Nf3 c6 18. c4 cxd5 19. cxd5 a6 20. Bd6 Rc8 21. Qxb7 Bb5 22. Bxe7 Rb8 23. Bxd8 Rxb7 24. Bc7 f6 25. d6 Bd7 26. Nd2 Rb2 27. Nb3 Rxa2 28. Nc5 Bb5 29. d7 Bxd7 30. Nxd7 a5 31. Ra1 Rxa1 32. Rxa1 Re7 33. Rd1 a4 34. Bf1 Bf8 35. Bb5 a3 36. Bd6 Rf7 37. Bc4 Bxd6 38. Bxf7+ Kxf7 39. Rxd6 Ke7 40. Rd1 a2 41. Nc5 1-0

[Event "Berlin Lichtenberger op 17th"]
[Site "Berlin"]
[Date "2018.08.24"]
[Round "7"]
[White "Langner, Hans Rainer"]
[Black "Poeltelt, Helmut"]
[Result "0-1"]
[WhiteElo "1603"]
[BlackElo "1714"]
[PlyCount "136"]
[EventDate "2018.08.18"]
[EventType "swiss"]
[EventRounds "9"]
[EventCountry "GER"]
[SourceTitle "CBM 186 Extra"]
[Source "ChessBase"]
[SourceDate "2018.08.24"]
[SourceVersion "1"]
[SourceVersionDate "2018.08.24"]
[SourceQuality "1"]

1. d4 f5 2. c4 Nf6 3. Nc3 g6 4. Bg5 Bg7 5. Bxf6 Bxf6 6. e3 0-0 7. Be2 d6 8. Qb3 Kh8 9. h4 c6 10. f4 e5 11. Nf3 e4 12. Ng5 h6 13. Nh3 Bxh4+ 14. Nf2 Kg7 15. Rh3 Bxf2+ 16. Kxf2 Nd7 17. Rah1 Rh8 18. g4 fxg4 19. Bxg4 Nf6 20. Bxc8 Qxc8 21. Rg3 h5 22. d5 Qd7 23. Rhg1 Ng4+ 24. Ke2 Rae8 25. Nd1 Rh6 26. Qc2 cxd5 27. Qc3+ Kh7 28. Nf2 Nxf2 29. Kxf2 Qf7 30. Rd1 Rc8 31. Qd4 Rxc4 32. Qxa7 Rc2+ 33. Ke1 Rxb2 34. a4 h4 35. Rg1 h3 36. Rd2 Rxd2 37. Kxd2 h2 38. Rh1 Rh5 39. a5 Kg7 40. Qd4+ Qf6 41. Qb4 Qe7 42. Qd4+ Kf7 43. Kc3 Qc7+ 44. Kb4 Qc4+ 45. Qxc4 dxc4 46. Kxc4 Ke6 47. Kb4 Kd7 48. Kc4 Kc6 49. Kb4 d5 50. Rc1+ Kd6 51. Rh1 d4 52. exd4 e3 53. Kc3 Kd5 54. Kd3 Rh3 55. Kc3 e2+ 56. Kd2 Kxd4 57. Kxe2 Ke4 58. Kf2 Kxf4 59. Kg2 Rh5 60. Rf1+ Kg4 61. Kh1 Rf5 62. Rb1 Kg3 63. Rb3+ Rf3 64. Rb1 g5 65. a6 bxa6 66. Rg1+ hxg1Q+ 67. Kxg1 Rb3 68. Kf1 Kf3 0-1

[Event "Berlin Lichtenberger op 17th"]
[Site "Berlin"]
[Date "2018.08.20"]
[Round "3"]
[White "Mueller, Johannes1"]
[Black "Langner, Hans Rainer"]
[Result "1-0"]
[WhiteElo "1775"]
[BlackElo "1603"]
[PlyCount "125"]
[EventDate "2018.08.18"]
[EventType "swiss"]
[EventRounds "9"]
[EventCountry "GER"]
[SourceTitle "CBM 186 Extra"]
[Source "ChessBase"]
[SourceDate "2018.08.24"]
[SourceVersion "1"]
[SourceVersionDate "2018.08.24"]
[SourceQuality "1"]

1. e4 c5 2. Nc3 e6 3. f4 d5 4. d3 Be7 5. Nf3 Nc6 6. g3 Qa5 7. Bd2 d4 8. Nd5 Qd8 9. Nxe7 Ngxe7 10. Bg2 Bd7 11. 0-0 0-0 12. g4 Qc7 13. a3 Ng6 14. Ng5 f6 15. Nh3 e5 16. f5 Nh8 17. g5 g6 18. gxf6 Rxf6 19. Bg5 Raf8 20. Bxf6 Rxf6 21. fxg6 Rxg6 22. Kh1 Bg4 23. Qd2 Nf7 24. Rf2 Qd7 25. Raf1 Ncd8 26. Ng1 Kg7 27. Bf3 Bh3 28. Nxh3 Qxh3 29. Rg2 Ne6 30. Rxg6+ hxg6 31. Qg2 Qh6 32. Rg1 Nf4 33. Qg4 g5 34. Rg3 Qc6 35. h4 Qh6 36. Kg1 Ne6 37. hxg5 Nexg5 38. Rg2 Kf6 39. Qf5+ Ke7 40. Bg4 Qe6 41. Qxe6+ Nxe6 42. Bxe6 Kxe6 43. Rg6+ Ke7 44. Kf2 Nd6 45. Kf3 b5 46. Rh6 c4 47. Kg4 a5 48. Rg6 a4 49. Rg8 Kf6 50. Rb8 Ke6 51. Ra8 Kf6 52. Ra6 Ke7 53. Kg5 Nxe4+ 54. dxe4 d3 55. Rh6 dxc2 56. Rh1 Kd6 57. Rc1 Kc5 58. Rxc2 Kd4 59. Kf5 Kc5 60. Kxe5 b4 61. axb4+ Kxb4 62. Rc3 Kc5 63. Kf6 1-0

[Event "Berlin-ch Seniors op 33rd"]
[Site "Berlin"]
[Date "2017.02.01"]
[Round "2"]
[White "Langner, Hans Rainer"]
[Black "Kohlmeyer, Dagobert"]
[Result "0-1"]
[WhiteElo "1570"]
[BlackElo "1890"]
[PlyCount "144"]
[EventDate "2017.01.31"]
[EventType "swiss"]
[EventRounds "9"]
[EventCountry "GER"]
[SourceTitle "EXT 2019"]
[Source "ChessBase"]
[SourceDate "2018.10.10"]
[SourceVersion "1"]
[SourceVersionDate "2018.10.10"]
[SourceQuality "1"]

1. d4 Nf6 2. e3 g6 3. c4 Bg7 4. Nc3 d5 5. Bd3 0-0 6. f4 Nc6 7. Nf3 Bg4 8. 0-0 Nb4 9. Be2 dxc4 10. a3 Nbd5 11. Bxc4 Nxc3 12. bxc3 Ne4 13. Qb3 Bxf3 14. Rxf3 Nd6 15. Bd3 c6 16. e4 b5 17. e5 Nb7 18. a4 a6 19. axb5 axb5 20. Ba3 Re8 21. Be4 Qb6 22. Rd1 e6 23. c4 Na5 24. c5 Qa6 25. Qc3 Nc4 26. Bc1 Rec8 27. g4 Qa1 28. Qd3 Ra6 29. f5 Rd8 30. Qf1 Rxd4 31. Rfd3 Bxe5 32. Bf4 Rxd3 33. Rxa1 Rxa1 34. Qxa1 Bxa1 35. Bxd3 Bd4+ 36. Kg2 Bxc5 37. fxe6 fxe6 38. Be4 e5 39. Bg5 Kg7 40. Bxc6 b4 41. Kf3 b3 42. Bc1 b2 43. Bxb2 Nxb2 44. Ke4 Bd4 45. Bb5 Nd1 46. Kf3 Kf6 47. Bc6 Kg5 48. Bd7 h6 49. Ke2 Nf2 50. Kf3 e4+ 51. Kg3 e3 52. h4+ Kf6 53. Bb5 Ne4+ 54. Kf4 Nc3 55. g5+ hxg5+ 56. hxg5+ Ke7 57. Bf1 e2 58. Bxe2 Nxe2+ 59. Ke4 Bb2 60. Kf3 Nd4+ 61. Ke4 Ke6 62. Kf4 Nf5 63. Ke4 Bc1 64. Kf3 Ke5 65. Kg4 Ke4 66. Kh3 Kf3 67. Kh2 Bxg5 68. Kh3 Be3 69. Kh2 g5 70. Kh3 g4+ 71. Kh2 g3+ 72. Kh3 g2 0-1

[Event "Berlin-ch Seniors op 32nd"]
[Site "Berlin"]
[Date "2016.01.28"]
[Round "3"]
[White "Langner, Hans Rainer"]
[Black "Radloff, Rainer"]
[Result "1-0"]
[WhiteElo "1559"]
[BlackElo "1657"]
[PlyCount "77"]
[EventDate "2016.01.26"]
[EventType "swiss"]
[EventRounds "9"]
[EventCountry "GER"]
[SourceTitle "EXT 2019"]
[Source "ChessBase"]
[SourceDate "2018.10.10"]
[SourceVersion "1"]
[SourceVersionDate "2018.10.10"]
[SourceQuality "1"]

1. d4 d5 2. f4 e6 3. Nf3 Nf6 4. e3 b6 5. Bd3 Bb7 6. Nbd2 c5 7. c3 cxd4 8. exd4 Bd6 9. Ne5 Ne4 10. 0-0 0-0 11. Qf3 f5 12. Qh3 Rf6 13. Qh5 Bxe5 14. fxe5 Rh6 15. Qe2 Qh4 16. Nf3 Qg4 17. Bxh6 gxh6 18. g3 Nc6 19. Qg2 Kh8 20. h3 Qg7 21. Kh2 Rg8 22. Rg1 h5 23. h4 h6 24. Raf1 Qf7 25. Qh3 a6 26. Bxe4 dxe4 27. Nd2 Qd7 28. Nc4 b5 29. Nd6 Ba8 30. Nxe4 fxe4 31. Rf6 Nxd4 32. cxd4 Qxd4 33. Qxe6 Rg7 34. Rf8+ Kh7 35. Rxa8 e3 36. Rxa6 e2 37. Qxh6+ Kg8 38. Ra8+ Kf7 39. Qf6# 1-0

[Event "Berlin-ch Seniors op 31st"]
[Site "Berlin"]
[Date "2015.02.04"]
[Round "6"]
[White "Gmerek, Henning"]
[Black "Langner, Hans Rainer"]
[Result "1/2-1/2"]
[WhiteElo "1316"]
[BlackElo "1437"]
[PlyCount "104"]
[EventDate "2015.01.29"]
[EventType "swiss"]
[EventRounds "9"]
[EventCountry "GER"]
[SourceTitle "EXT 2018"]
[Source "ChessBase"]
[SourceDate "2017.10.13"]
[SourceVersion "1"]
[SourceVersionDate "2017.10.13"]
[SourceQuality "1"]

1. d4 Nf6 2. c4 g6 3. Nf3 d6 4. Nc3 Bg7 5. e3 0-0 6. Be2 Nbd7 7. 0-0 e5 8. d5 Nc5 9. Qc2 Bf5 10. Qd1 c6 11. dxc6 bxc6 12. b4 Nce4 13. Nxe4 Nxe4 14. Bb2 Qc7 15. Rc1 Rfd8 16. g3 Rab8 17. a3 Bh3 18. Re1 c5 19. b5 a6 20. a4 axb5 21. cxb5 d5 22. Qc2 Rbc8 23. Ra1 c4 24. a5 Ra8 25. b6 Qb8 26. Bxc4 Nc5 27. Bf1 Bxf1 28. Kxf1 Qd6 29. Bxe5 Bxe5 30. Nxe5 Ra6 31. Nd3 Ne6 32. Qd2 Rda8 33. Reb1 Nd8 34. Nc1 Qc6 35. Nb3 Qc4+ 36. Kg1 Nb7 37. Qc1 Nxa5 38. Qxc4 Nxc4 39. Rxa6 Rxa6 40. b7 Rb6 41. Nd2 Nb2 42. Nf3 Rxb7 43. Ne5 Rb6 44. Nd3 Nc4 45. Rxb6 Nxb6 46. Kf1 f5 47. Ke2 Kg7 48. Nb4 Kf6 49. Kd3 Ke6 50. f4 Kd6 51. Kd4 h6 52. h4 h5 1/2-1/2

[Event "Berlin-ch Seniors op 31st"]
[Site "Berlin"]
[Date "2015.02.03"]
[Round "5"]
[White "Langner, Hans Rainer"]
[Black "Langer, Guenter"]
[Result "0-1"]
[WhiteElo "1437"]
[BlackElo "1661"]
[PlyCount "96"]
[EventDate "2015.01.29"]
[EventType "swiss"]
[EventRounds "9"]
[EventCountry "GER"]
[SourceTitle "EXT 2018"]
[Source "ChessBase"]
[SourceDate "2017.10.13"]
[SourceVersion "1"]
[SourceVersionDate "2017.10.13"]
[SourceQuality "1"]

1. d4 c6 2. e4 d5 3. e5 Bf5 4. Nf3 e6 5. a3 Nd7 6. c4 dxc4 7. Bxc4 Nb6 8. Ba2 Ne7 9. Nc3 h6 10. Bb1 Bxb1 11. Rxb1 Nbd5 12. 0-0 Rc8 13. Qb3 Qc7 14. Nd2 b5 15. Nde4 Ng6 16. Bd2 Be7 17. Nd6+ Bxd6 18. exd6 Qxd6 19. Ne4 Qe7 20. Nc3 a6 21. Nxd5 cxd5 22. Bb4 Qc7 23. Rfe1 Kd7 24. Qe3 Qf4 25. Qd3 Rc4 26. Bc5 Qg5 27. b3 Rxc5 28. dxc5 Qxg2+ 29. Kxg2 Nf4+ 30. Kf1 Nxd3 31. Re3 Nxc5 32. b4 Ne4 33. Rd1 Nd6 34. Rf3 Rc8 35. Rd4 g6 36. Rdf4 Ke7 37. a4 e5 38. Rf6 bxa4 39. Rxd6 Kxd6 40. Rf6+ Ke7 41. Rxa6 Rc4 42. b5 Rb4 43. b6 a3 44. Ra7+ Kf6 45. b7 a2 46. Ra6+ Kf5 47. b8Q Rxb8 48. Rxa2 d4 0-1

[Event "Berlin-ch Seniors op 31st"]
[Site "Berlin"]
[Date "2015.01.30"]
[Round "2"]
[White "Sattler, Guenther"]
[Black "Langner, Hans Rainer"]
[Result "0-1"]
[WhiteElo "1594"]
[BlackElo "1437"]
[PlyCount "136"]
[EventDate "2015.01.29"]
[EventType "swiss"]
[EventRounds "9"]
[EventCountry "GER"]
[SourceTitle "EXT 2018"]
[Source "ChessBase"]
[SourceDate "2017.10.13"]
[SourceVersion "1"]
[SourceVersionDate "2017.10.13"]
[SourceQuality "1"]

1. Nf3 Nf6 2. g3 d5 3. Bg2 c5 4. 0-0 Nc6 5. c3 e5 6. d3 Be7 7. Nbd2 0-0 8. a3 Rb8 9. b4 b6 10. b5 Na5 11. Nxe5 Bd6 12. f4 Re8 13. Nef3 Ng4 14. Nb1 Qe7 15. Re1 Ne3 16. Bxe3 Qxe3+ 17. Kh1 c4 18. dxc4 Nxc4 19. Ng5 Be6 20. Bxd5 Bxf4 21. gxf4 Rbd8 22. Nxe6 Rxe6 23. Qd4 Qxd4 24. cxd4 Rxd5 25. Rc1 Nd6 26. Nc3 Rxd4 27. e4 Nxe4 28. Nxe4 Rdxe4 29. a4 f5 30. Rc8+ Re8 31. Rxe8+ Rxe8 32. Kg2 Re4 33. Kf3 Kf7 34. a5 Rb4 35. axb6 axb6 36. Ra7+ Kf6 37. h4 Rxb5 38. Rb7 h6 39. Rb8 Kg6 40. Rb7 Rb3+ 41. Kg2 Kf6 42. h5 g6 43. hxg6 Kxg6 44. Rb8 Kh5 45. Rg8 b5 46. Kf2 b4 47. Rg1 Rc3 48. Ke2 Kh4 49. Kd2 Rg3 50. Rb1 b3 51. Rh1+ Rh3 52. Rg1 Rg3 53. Rh1+ Kg4 54. Rxh6 Kxf4 55. Rh4+ Kg5 56. Rb4 f4 57. Ke2 Kg4 58. Kf2 Rc3 59. Rb8 Rc2+ 60. Ke1 Rb2 61. Kd1 Rb1+ 62. Kd2 Kf3 63. Rh8 Rg1 64. Kc3 Rg3 65. Kxb3 Kg2+ 66. Kc2 f3 67. Re8 f2 68. Re2 Kg1 0-1